| 000 | 00860nam a2200229Ia 4500 | ||
|---|---|---|---|
| 001 | L301-23073 | ||
| 003 | IT-CnALBA | ||
| 008 | 170116s9999||||xx |||||||||||||| ||und|| | ||
| 040 |
_aIT-CnALBA _cIT-CnALBA |
||
| 041 | _aITALIANO | ||
| 100 | _aBIGATELLO SERGIO | ||
| 245 | 0 | _aQUANTI FIGLI. CONSIDERAZIONI FACILI SU UN PROBLEMA DIFFICILE. | |
| 250 | _a13a ed. | ||
| 260 |
_aMILANO _bLA CASA - ISTITUTO _c1965 [1° Ed.: n.d.] |
||
| 300 | _a39 p. | ||
| 500 | _aIL METODO DELLA TEMPERATURA. CICLI NATURALI. TEMPO DI FECONDAZIONE. TEMPO DI INFECONDITÀ. | ||
| 501 | _aSocietà San Paolo EM - Piazza San Paolo, 14 - 12051 ALBA (CN) (non commercial uses only) ® Copyright 2017 | ||
| 520 | _aIL METODO DELLA TEMPERATURA. CICLI NATURALI. TEMPO DI FECONDAZIONE. TEMPO DI INFECONDITÀ. | ||
| 650 | _aSCIENZE SOCIALI | ||
| 942 | _cBK | ||
| 957 | _71 | ||
| 999 |
_a27814 _bNO _g Copie: 1 _c282173 _d282173 |
||